Quarters of Rome - Statistics

General Stats
  • This quiz has been taken 7 times
  • The average score is 8 of 35
Answer Stats
Hint Answer % Correct
Q. II Parioli
86%
Q. I Flaminio
71%
Q. X Ostiense
57%
Q. XIII Aurelio
43%
Q. XII Gianicolense
43%
Q. XVI Monte Sacro
43%
Q. V Nomentano
43%
Q. III Pinciano
43%
Q. XVII Trieste
43%
Q. VIII Tuscolano
43%
Q. XXIII Alessandrino
29%
Q. XX Ardeatino
29%
Q. XXI Pietralata
29%
Q. XI Portuense
29%
Q. IV Salario
29%
Q. XIV Trionfale
29%
Q. IX Appio-Latino
14%
Q. XXVI Appio Pignatelli
14%
Q. XXII Collatino
14%
Q. XV Della Vittoria
14%
Q. XXXII Europa
14%
Q. XXXV Lido di Castel Fusano
14%
Q. XIX Prenestino-Centocelle
14%
Q. VII Prenestino-Labicano
14%
Q. XXX San Basilio
14%
Q. VI Tiburtino
14%
Q. XVIII Tor di Quinto
14%
Q. XXV Appio Claudio
0%
Q. XXIV Don Bosco
0%
Q. XXXI Giuliano-Dalmata
0%
Q. XXXIV Lido di Ostia Levante
0%
Q. XXXIII Lido di Ostia Ponente
0%
Q. XXVIII Monte Sacro Alto
0%
Q. XXIX Ponte Mammolo
0%
Q. XXVII Primavalle
0%
No matching quizzes found
Score Distribution
Percent of People with Each Score
Percentile by Number Answered
Your Score History
You have not taken this quiz